000 00689nam a2200289Ia 4500
005 20260324142818.0
008 008 260324s9999 xx 000 0 eng d
020 _a9781003423478
037 _aEBOOK
040 _aCRL
040 _beng
040 _cCRL
041 _2eng
041 _aeng
084 _qCRL
100 _aDionne J. Jones
_91213331
245 0 _aAfrican American Males
245 2 _bA Critical Link in the African American Family
260 _bTaylor and Francis
260 _c1994
365 _a
365 _b135
856 _uhttp://www.taylorfrancis.com/books/9781003423478
942 _cEBOOK
999 _c1817968
_d1817968